| 000 | 00371nam a2200121Ia 4500 | ||
|---|---|---|---|
| 008 | 220620s9999||||xx |||||||||||||| ||und|| | ||
| 100 | _aKalantzis, Fotios||Dominguez, Sofia||Amati, Adriano | ||
| 245 | 0 | _aEuropean firms and climate change 2020/2021 | |
| 546 | _aEnglish[eng] | ||
| 650 | _aBusiness & Economics||Finance | ||
| 700 | _aEuropean Investment Bank | ||
| 942 | _cEB | ||
| 999 |
_c29733 _d29733 |
||